Freguesias dos Arcos de Valdevez - Statistics

Estatísticas Gerais
  • Esse quiz foi jogado 156 vezes
  • A pontuação média é 28 de 51
Estatísticas das Respostas
Freguesias % Correto
88%
Soajo
84%
Aboim das Choças
76%
Sistelo
76%
São Paio
72%
Aguiã
68%
Cabana Maior
68%
Extremo
68%
Gavieira
68%
Giela
64%
Paçô
64%
São Jorge
64%
Cabreiro
60%
Guilhadeses
60%
Jolda (Madalena)
60%
Jolda (São Paio)
60%
Carralcova
56%
Gondoriz
56%
Oliveira
56%
Padreiro (Salvador)
56%
Padreiro (Santa Cristina)
56%
Rio Cabrão
56%
Rio Frio
56%
Salvador
56%
Távora (Santa Maria)
56%
Távora (São Vicente)
56%
Grade
52%
Miranda
52%
Prozelo
52%
São Cosme e São Damião
52%
Vilela
52%
Ermelo
48%
Mei
48%
Padroso
48%
Portela
48%
Rio de Moinhos
48%
Sabadim
48%
Santar
48%
Souto
48%
Vale
48%
Vila Fonche
48%
Ázere
44%
Couto
44%
Parada
44%
Eiras
40%
Tabaçô
40%
Álvora
36%
Loureda
36%
Monte Redondo
36%
Senharei
36%
Cendufe
32%
Nenhum quiz correspondente encontrado
Distribuição das Pontuações
Porcentagem de Pessoas com Cada Pontuação
Percentil de Números Respondidos
Sua Pontuação Histórica
Você não jogou esse quiz